[Event "ROM-ch U14 Girls"]
[Site "Mamaia"]
[Date "2021.04.10"]
[Round "5"]
[White "Paraschiv, Alexandra"]
[Black "Pirvan, Maria"]
[Result "1/2-1/2"]
[WhiteElo "1343"]
[BlackElo "1529"]
[PlyCount "35"]
[EventDate "2021.04.07"]
[EventType "swiss"]
[EventRounds "9"]
[EventCountry "ROU"]
[SourceTitle "EXT 2022"]
[Source "ChessBase"]
[SourceDate "2021.10.06"]
[SourceVersion "1"]
[SourceVersionDate "2021.10.06"]
[SourceQuality "1"]

1. e4 c5 2. Nf3 Nc6 3. d4 cxd4 4. Nxd4 Nf6 5. Nc3 e5 6. Ndb5 d6 7. a4 a6 8. Na3 Be7 9. Be3 Ng4 10. Nd5 Nxe3 11. Nxe3 0-0 12. Bc4 Bg5 13. Nd5 Be6 14. 0-0 Ne7 15. Nxe7+ Qxe7 16. Qd3 Rfd8 17. Rfd1 Qc7 18. Bd5 1/2-1/2

[Event "ROM-ch U14 Girls"]
[Site "Mamaia"]
[Date "2021.04.08"]
[Round "2"]
[White "Paraschiv, Alexandra"]
[Black "Petculescu, Diana Silvana"]
[Result "1/2-1/2"]
[WhiteElo "1343"]
[BlackElo "1393"]
[PlyCount "74"]
[EventDate "2021.04.07"]
[EventType "swiss"]
[EventRounds "9"]
[EventCountry "ROU"]
[SourceTitle "EXT 2022"]
[Source "ChessBase"]
[SourceDate "2021.10.06"]
[SourceVersion "1"]
[SourceVersionDate "2021.10.06"]
[SourceQuality "1"]

1. e4 c5 2. Nf3 a6 3. d4 cxd4 4. Nxd4 Nf6 5. Bd3 e5 6. Nb3 Nc6 7. 0-0 d6 8. c4 Be6 9. Nc3 Rc8 10. Nd5 Be7 11. f3 0-0 12. Be3 Nd7 13. Nc1 Bg5 14. Qd2 Bxe3+ 15. Qxe3 Nc5 16. b3 Qa5 17. b4 Nxb4 18. Ne7+ Kh8 19. Nxc8 Rxc8 20. Qd2 Ncxd3 21. Nxd3 Qb6+ 22. Qf2 Qxf2+ 23. Nxf2 Rxc4 24. Rac1 Nxa2 25. Rxc4 Bxc4 26. Ra1 b5 27. Rd1 h6 28. Rxd6 a5 29. Ra6 a4 30. Nd1 Kh7 31. Kf2 Bb3 32. Ke1 b4 33. Nb2 Nc3 34. Nd3 Bc4 35. Nxb4 Bxa6 36. Nxa6 a3 37. Nc5 Na4 1/2-1/2

[Event "ROM-ch U14 Girls"]
[Site "Mamaia"]
[Date "2021.04.07"]
[Round "1"]
[White "Maria, Lia Alexandra"]
[Black "Paraschiv, Alexandra"]
[Result "1-0"]
[WhiteElo "1713"]
[BlackElo "1343"]
[PlyCount "139"]
[EventDate "2021.04.07"]
[EventType "swiss"]
[EventRounds "9"]
[EventCountry "ROU"]
[SourceTitle "EXT 2022"]
[Source "ChessBase"]
[SourceDate "2021.10.06"]
[SourceVersion "1"]
[SourceVersionDate "2021.10.06"]
[SourceQuality "1"]

1. e4 e6 2. d4 d5 3. Nc3 Bb4 4. e5 c5 5. Bd2 Ne7 6. f4 cxd4 7. Nb5 Bxd2+ 8. Qxd2 0-0 9. Nxd4 a6 10. Ngf3 Nbc6 11. Be2 Bd7 12. 0-0 Qb6 13. c3 Nxd4 14. Nxd4 Nc6 15. Kh1 Nxd4 16. cxd4 Bb5 17. Bxb5 Qxb5 18. f5 exf5 19. Rxf5 Qd7 20. Raf1 Qe6 21. Qg5 Qg6 22. Qf4 f6 23. h3 Rac8 24. Qf3 Qf7 25. exf6 g6 26. Rxd5 Rc6 27. Qb3 Kh8 28. Rd8 Qxb3 29. Rxf8+ Qg8 30. Rxg8+ Kxg8 31. g4 g5 32. Rf5 Kf7 33. Kg2 Rd6 34. Rxg5 Rxd4 35. Rg7+ Kxf6 36. Rxb7 Rd2+ 37. Kg3 h6 38. Rb6+ Kg7 39. a4 a5 40. Kh4 Kh7 41. Rb5 Kg6 42. Rxa5 Rxb2 43. Rb5 Ra2 44. a5 Ra3 45. Rb6+ Kh7 46. a6 Kg7 47. Rb7+ Kg6 48. Ra7 Kf6 49. Rc7 Kg6 50. Rc6+ Kg7 51. Rc7+ Kg6 52. Re7 Kf6 53. Rb7 Kg6 54. a7 Kf6 55. Rc7 Kg6 56. Rc6+ Kg7 57. Rc7+ Kg6 58. Re7 Kf6 59. Rb7 Kg6 60. g5 hxg5+ 61. Kg4 Kf6 62. Rc7 Kg6 63. Rc6+ Kg7 64. Kxg5 Ra5+ 65. Kf4 Kf7 66. Rc7+ Ke6 67. Rb7 Kd6 68. h4 Ke6 69. h5 Kf6 70. h6 1-0

[Event "Braila Albulet Memorial (Women) 12th"]
[Site "Braila"]
[Date "2019.10.08"]
[Round "8"]
[White "Paraschiv, Alexandra"]
[Black "Lehaci, Miruna Daria"]
[Result "0-1"]
[WhiteElo "1404"]
[BlackElo "2131"]
[PlyCount "74"]
[EventDate "2019.10.02"]
[EventType "swiss"]
[EventRounds "9"]
[EventCountry "ROU"]
[SourceTitle "EXT 2020"]
[Source "ChessBase"]
[SourceDate "2019.10.17"]
[SourceVersion "1"]
[SourceVersionDate "2019.10.17"]
[SourceQuality "1"]

1. e4 e6 2. d4 d5 3. exd5 exd5 4. Nf3 Nc6 5. Bd3 Bd6 6. 0-0 Nge7 7. c3 Bg4 8. h3 Bh5 9. Be3 Qd7 10. Nbd2 Bg6 11. Nb3 b6 12. Nc1 f6 13. Ne2 Bxd3 14. Qxd3 g5 15. h4 gxh4 16. Nxh4 Qg4 17. g3 Rg8 18. Ng2 0-0-0 19. Bf4 h5 20. Bxd6 Rxd6 21. Ne3 Qf3 22. Rad1 Kb8 23. Ng2 Qg4 24. Ne3 Qf3 25. Ng2 Qg4 26. Ne3 Qg7 27. Nf5 Nxf5 28. Qxf5 h4 29. Qf3 Ne7 30. Kh2 f5 31. Nf4 Rh6 32. Kg2 Ng6 33. Qe3 Nxf4+ 34. Qxf4 Rg6 35. Rd3 Rg4 36. Qe5 Qg6 37. Rf3 f4 0-1

[Event "Braila Albulet Memorial (Women) 12th"]
[Site "Braila"]
[Date "2019.10.07"]
[Round "7"]
[White "Verbin, Valentina"]
[Black "Paraschiv, Alexandra"]
[Result "1-0"]
[WhiteElo "2076"]
[BlackElo "1404"]
[PlyCount "99"]
[EventDate "2019.10.02"]
[EventType "swiss"]
[EventRounds "9"]
[EventCountry "ROU"]
[SourceTitle "EXT 2020"]
[Source "ChessBase"]
[SourceDate "2019.10.17"]
[SourceVersion "1"]
[SourceVersionDate "2019.10.17"]
[SourceQuality "1"]

1. e4 e6 2. d4 d5 3. Nd2 c5 4. exd5 Qxd5 5. dxc5 Bxc5 6. Ngf3 Nf6 7. Bc4 Qd7 8. Qe2 Nc6 9. 0-0 0-0 10. Nb3 Bb6 11. c3 h6 12. Rd1 Qe7 13. a4 Bc7 14. Nbd4 Bd7 15. b4 a5 16. b5 Nxd4 17. Nxd4 Bd6 18. Bd3 Rac8 19. c4 b6 20. Bb2 Rfd8 21. Nf3 Be8 22. Ne5 Bc5 23. h4 h5 24. Qf3 Rd6 25. Bc2 Rcd8 26. Rxd6 Rxd6 27. Nd3 Bd4 28. Rd1 Bxb2 29. Nxb2 Rxd1+ 30. Nxd1 Qb4 31. Qc3 Qxc3 32. Nxc3 Nd7 33. Ne4 Kf8 34. f3 Ke7 35. Kf2 f6 36. Nd2 Kd6 37. Ke3 Kc5 38. Ne4+ Kxc4 39. Nd6+ Kc3 40. Bb1 Nc5 41. Nxe8 Nxa4 42. Nxg7 Kb2 43. Bd3 Nc5 44. Bc4 Nb3 45. Nxe6 Kc3 46. Bxb3 Kxb3 47. Kd3 a4 48. g4 hxg4 49. fxg4 a3 50. Nd4+ 1-0

[Event "Braila Albulet Memorial (Women) 12th"]
[Site "Braila"]
[Date "2019.10.06"]
[Round "6"]
[White "Didiliuc, Dariana Gabriela"]
[Black "Paraschiv, Alexandra"]
[Result "1-0"]
[WhiteElo "1798"]
[BlackElo "1404"]
[PlyCount "105"]
[EventDate "2019.10.02"]
[EventType "swiss"]
[EventRounds "9"]
[EventCountry "ROU"]
[SourceTitle "EXT 2020"]
[Source "ChessBase"]
[SourceDate "2019.10.17"]
[SourceVersion "1"]
[SourceVersionDate "2019.10.17"]
[SourceQuality "1"]

1. d4 e6 2. c4 Nf6 3. Nc3 Bb4 4. Qc2 d5 5. cxd5 Qxd5 6. a3 Bxc3+ 7. bxc3 Qf5 8. Qxf5 exf5 9. Nf3 Nbd7 10. e3 Nb6 11. c4 c6 12. Ra2 Be6 13. Rc2 0-0 14. Bd3 Rad8 15. 0-0 Ne4 16. Ne1 Rfe8 17. f3 Nf6 18. Bb2 Bc8 19. Kf2 Re7 20. g3 h6 21. Ng2 Nh7 22. h4 Nf8 23. Rd1 Be6 24. Nf4 Nh7 25. Nxe6 fxe6 26. c5 Nd5 27. Re2 Ndf6 28. a4 b6 29. cxb6 axb6 30. Rc2 Rc7 31. Bc4 Kf7 32. Rdc1 c5 33. Ke2 Rdc8 34. dxc5 bxc5 35. Be5 Ra7 36. Bb5 Nf8 37. Rxc5 Rxc5 38. Rxc5 N8d7 39. Rc7 Rxc7 40. Bxc7 Nd5 41. Ba5 Nc5 42. Bd2 Nc7 43. Bc6 Ke7 44. Bb4 Kd6 45. Bb7 Nd5 46. Bxd5 Kxd5 47. Bxc5 Kxc5 48. Kd3 e5 49. h5 Kb4 50. e4 fxe4+ 51. Kxe4 Kxa4 52. Kxe5 Kb4 53. Ke4 1-0

[Event "Braila Albulet Memorial (Women) 12th"]
[Site "Braila"]
[Date "2019.10.03"]
[Round "2"]
[White "Paraschiv, Alexandra"]
[Black "Anghel, Maria"]
[Result "0-1"]
[WhiteElo "1404"]
[BlackElo "1743"]
[PlyCount "124"]
[EventDate "2019.10.02"]
[EventType "swiss"]
[EventRounds "9"]
[EventCountry "ROU"]
[SourceTitle "EXT 2020"]
[Source "ChessBase"]
[SourceDate "2019.10.17"]
[SourceVersion "1"]
[SourceVersionDate "2019.10.17"]
[SourceQuality "1"]

1. e4 c6 2. Nc3 d5 3. Nf3 a6 4. h3 d4 5. Ne2 c5 6. c3 Nc6 7. cxd4 cxd4 8. d3 e6 9. a3 Nf6 10. Bf4 Bd6 11. Bg5 h6 12. Bh4 Qa5+ 13. Nd2 Nd7 14. b4 Qh5 15. Nc4 Bxb4+ 16. axb4 Qxh4 17. b5 Nce5 18. Nxe5 Nxe5 19. Nxd4 0-0 20. Nf3 Qf6 21. Be2 Nxf3+ 22. Bxf3 Qc3+ 23. Kf1 e5 24. Kg1 Rd8 25. Be2 Qd4 26. g4 Bd7 27. bxa6 bxa6 28. h4 Bb5 29. Ra3 Rac8 30. Rh3 Qb2 31. Rb3 Qa2 32. Bf1 Ba4 33. Rb2 Qxb2 34. Qxa4 Qb5 35. Qa3 a5 36. d4 Qb4 37. dxe5 Qxa3 38. Rxa3 Ra8 39. Bc4 Rd4 40. Bd5 Ra7 41. e6 fxe6 42. Bxe6+ Kf8 43. Bd5 Ke7 44. Kf1 Kd6 45. Ke2 a4 46. Ke3 Rd1 47. Ke2 Rb1 48. Kd2 Rb2+ 49. Ke3 Kc5 50. Ra2 a3 51. f3 Kb4 52. Kd3 Rd7 53. Ke3 Rxd5 54. exd5 Rxa2 55. d6 Ra1 56. Ke2 a2 57. d7 Rd1 58. Kxd1 a1Q+ 59. Ke2 Qd4 60. g5 hxg5 61. hxg5 Qxd7 62. f4 Qf5 0-1

[Event "Braila Albulet Memorial (Women) 12th"]
[Site "Braila"]
[Date "2019.10.03"]
[Round "3"]
[White "Pitigoi, Sabina Andreea"]
[Black "Paraschiv, Alexandra"]
[Result "1/2-1/2"]
[WhiteElo "1490"]
[BlackElo "1404"]
[PlyCount "81"]
[EventDate "2019.10.02"]
[EventType "swiss"]
[EventRounds "9"]
[EventCountry "ROU"]
[SourceTitle "EXT 2020"]
[Source "ChessBase"]
[SourceDate "2019.10.17"]
[SourceVersion "1"]
[SourceVersionDate "2019.10.17"]
[SourceQuality "1"]

1. d4 e6 2. Nf3 Nf6 3. c4 b6 4. a3 Bb7 5. Nc3 d5 6. cxd5 Nxd5 7. Nxd5 Bxd5 8. e3 c5 9. Qa4+ Qd7 10. Qxd7+ Nxd7 11. Bb5 0-0-0 12. Ng5 e5 13. e4 h6 14. exd5 hxg5 15. dxc5 Nxc5 16. Bxg5 f6 17. Be3 Rxd5 18. Rc1 Kb8 19. 0-0 Be7 20. Rfd1 Rhd8 21. Rxd5 Rxd5 22. b4 Nd3 23. Bc4 Nxc1 24. Bxd5 Ne2+ 25. Kf1 Nd4 26. Bxd4 exd4 27. Ke2 a5 28. bxa5 bxa5 29. a4 Bc5 30. Kd3 Kc7 31. f4 Kd6 32. Bc4 g5 33. fxg5 fxg5 34. Ke4 Kc6 35. g3 Bb6 36. h4 gxh4 37. gxh4 Kc5 38. Kd3 Bd8 39. h5 Bg5 40. Bb5 Be3 41. Ke4 1/2-1/2

[Event "EU-ch U12 Girls"]
[Site "Bratislava"]
[Date "2019.08.05"]
[Round "4"]
[White "Paraschiv, Alexandra"]
[Black "Sala, Giulia"]
[Result "0-1"]
[WhiteElo "1367"]
[BlackElo "1641"]
[PlyCount "80"]
[EventDate "2019.08.02"]
[EventType "swiss"]
[EventRounds "9"]
[EventCountry "SVK"]
[SourceTitle "EXT 2020"]
[Source "ChessBase"]
[SourceDate "2019.10.17"]
[SourceVersion "1"]
[SourceVersionDate "2019.10.17"]
[SourceQuality "1"]

1. e4 e5 2. Nf3 Nc6 3. Bb5 a6 4. Bxc6 dxc6 5. 0-0 Bg4 6. h3 h5 7. Re1 Qf6 8. d3 Bxf3 9. gxf3 Ne7 10. Nc3 Ng6 11. Kg2 Be7 12. Rh1 Nh4+ 13. Kf1 Nxf3 14. Ne2 Bc5 15. Ng3 g6 16. Qe2 h4 17. Nf5 Ng5 18. Ne3 Bxe3 19. Bxe3 Ne6 20. Qg4 0-0-0 21. Rg1 Kb8 22. Ke2 c5 23. Rg2 Nd4+ 24. Bxd4 cxd4 25. Qg5 Qb6 26. Rb1 Qc5 27. Kd1 Rd6 28. f3 Re6 29. a4 Qa5 30. b3 c5 31. Rg4 Rh5 32. Qc1 Rf6 33. Ke2 Qc3 34. Rg5 Rxg5 35. Qxg5 Qxc2+ 36. Ke1 Qxb1+ 37. Ke2 Qc2+ 38. Ke1 Rxf3 39. Qxe5+ Ka7 40. b4 Re3+ 0-1

[Event "ROM-ch U12 Girls"]
[Site "Calimanesti"]
[Date "2018.04.02"]
[Round "8"]
[White "Pufleni, Maria"]
[Black "Paraschiv, Alexandra"]
[Result "0-1"]
[WhiteElo "1224"]
[BlackElo "1044"]
[PlyCount "60"]
[EventDate "2018.03.27"]
[EventType "swiss"]
[EventRounds "9"]
[EventCountry "ROU"]
[SourceTitle "CBM 183 Extra"]
[Source "ChessBase"]
[SourceDate "2018.04.19"]
[SourceVersion "1"]
[SourceVersionDate "2018.04.19"]
[SourceQuality "1"]

1. d4 e6 2. c4 Nf6 3. Nc3 Bb4 4. f3 0-0 5. e4 Nh5 6. Nge2 f5 7. e5 b6 8. Be3 Bb7 9. a3 Bxc3+ 10. Nxc3 g6 11. Bd3 Ng7 12. 0-0 Qe7 13. b4 d6 14. f4 Nd7 15. Ra2 Rac8 16. Re2 dxe5 17. fxe5 c5 18. bxc5 bxc5 19. Nb5 cxd4 20. Bxd4 a6 21. Nd6 Rb8 22. c5 Bd5 23. Bxa6 Ra8 24. Bd3 Rxa3 25. Rb2 Raa8 26. Rff2 Rfb8 27. Rfc2 Ne8 28. Qc1 Rxb2 29. Rxb2 Nb8 30. h3 Nc6 0-1

[Event "ROM-ch U12 Girls"]
[Site "Calimanesti"]
[Date "2018.03.27"]
[Round "1"]
[White "Paraschiv, Alexandra"]
[Black "Ciocan, Ariana Roxana"]
[Result "1-0"]
[WhiteElo "1044"]
[BlackElo "1339"]
[PlyCount "125"]
[EventDate "2018.03.27"]
[EventType "swiss"]
[EventRounds "9"]
[EventCountry "ROU"]
[SourceTitle "CBM 183 Extra"]
[Source "ChessBase"]
[SourceDate "2018.04.19"]
[SourceVersion "1"]
[SourceVersionDate "2018.04.19"]
[SourceQuality "1"]

1. e4 e5 2. Nf3 Nc6 3. Bb5 a6 4. Bxc6 dxc6 5. 0-0 Bg4 6. h3 Bh5 7. d3 Bd6 8. Nbd2 f6 9. Re1 Ne7 10. c3 c5 11. Nc4 Nc6 12. Ne3 Qd7 13. Nxe5 Bxd1 14. Nxd7 Bh5 15. Nxf6+ gxf6 16. Nd5 Kf7 17. Be3 Rhg8 18. Kf1 Ne5 19. d4 Nd3 20. Reb1 c4 21. Bd2 Rae8 22. f3 b5 23. a4 c6 24. Ne3 Bg6 25. axb5 axb5 26. Ra6 Rc8 27. d5 Bf4 28. dxc6 Rgd8 29. Ke2 Rd6 30. Rb6 Rdxc6 31. Rxb5 Rd8 32. Rb7+ Ke6 33. Nd5 Bxd2 34. Kxd2 Rd7 35. Rxd7 Kxd7 36. Ke3 Bf7 37. Nf4 Nxf4 38. Kxf4 Rb6 39. Ke3 Kd6 40. Kd4 Be8 41. Kxc4 Ke5 42. b4 Bf7+ 43. Kc5 Rb8 44. b5 Rc8+ 45. Kb4 Rc4+ 46. Ka5 Rxc3 47. b6 Rc5+ 48. Rb5 Rxb5+ 49. Kxb5 Kd6 50. Ka6 Kc6 51. Ka7 Kd7 52. b7 Kc7 53. b8Q+ Kc6 54. Qb7+ Kc5 55. Qxf7 Kb4 56. Qd5 Ka3 57. Qb5 Ka2 58. Qb4 Ka1 59. Kb6 Ka2 60. Kc5 Ka1 61. Kc4 Ka2 62. Kc3 Ka1 63. Qb2# 1-0